| 000 | 01220cam a2200361 i 4500 | ||
|---|---|---|---|
| 999 |
_c200429664 _d47588 |
||
| 001 | 200429664 | ||
| 003 | TR-AnTOB | ||
| 005 | 20230826001026.0 | ||
| 007 | ta | ||
| 008 | 170814s2017 tu tur d | ||
| 020 | _a9789756610596 | ||
| 040 |
_aTR-IsYBT _beng _erda _cTR-IsYBT _dTR-AnTOB |
||
| 041 | 0 | _atur | |
| 050 | 0 | 0 |
_aKKX2064.51982 _bT875 2017 |
| 090 |
_aKKX2064.51982 _bA53 2017 |
||
| 245 | 0 | 0 | _aTürkiye Cumhuriyeti Anayasası. |
| 246 | 3 | 0 | _aT.C. Anayasası |
| 250 |
_a1. Basım _bHaziran 2017 |
||
| 264 | 1 |
_aAnkara : _bTürk Metal Sendikası Araştırma ve Eğitim Merkezi Yayınları, _c2017. |
|
| 300 |
_a110 pages ; _c21 cm. |
||
| 336 |
_atext _2rdacontent _btxt |
||
| 337 |
_aunmediated _2rdamedia _bn |
||
| 338 |
_avolume _2rdacarrier _bnc |
||
| 490 | 0 |
_aTürk Metal Sendikası Araştırma ve Eğitim Merkezi Yayınları ; _v13 |
|
| 610 | 1 | 0 |
_aTurkey. _tAnayasa (1982) _9120119 |
| 610 | 7 |
_aTürkiye. _tAnayasa (1982) _9120121 |
|
| 650 | 0 |
_938306 _aConstitutions _zTurkey |
|
| 650 | 7 |
_938301 _aAnayasalar _zTürkiye _2etuturkob |
|
| 650 | 0 |
_aConstitutional law _zTurkey _974257 |
|
| 650 | 0 |
_aAnayasa hukuku _zTürkiye _9116005 |
|
| 942 |
_2lcc _cBK |
||